|
|
|
|
| LEADER |
00000nam a22000007a 4500 |
| 005 |
20130325174156.0 |
| 007 |
cr|||| |||| |
| 008 |
130325c19249999ii dr|p s|||| 0|||a1eng d |
| 035 |
|
|
|a 7312
|
| 040 |
|
|
|a vLex
|
| 090 |
|
|
|c 4014
|d 4014
|
| 245 |
0 |
4 |
|a The Hindustan Times
|h [Recurso electrn̤ico]
|
| 256 |
|
|
|a Servicio en ln̕ea
|
| 260 |
|
|
|a Gurgaon :
|b HT Media Ltd.,
|c 1924-
|
| 300 |
|
|
|a 1 Recurso electrn̤ico
|
| 506 |
|
|
|d vLex Global
|d vLex Global (Academic Edition, excluding Law Schools)
|d vLex Global (U.S. Academic Edition, Law Schools)
|d vLex Global (U.S. Academic Edition, excluding Law Schools)
|d vLex Global (Academic Edition, Law Schools)
|
| 650 |
0 |
4 |
|a Informacin̤ general
|v Revistas
|z India
|
| 740 |
|
|
|a vLex Revistas (Servicio en ln̕ea)
|
| 856 |
|
|
|a Acceso restringido
|u http://www.vlex.com/source/7312
|
| 942 |
|
|
|c REV
|